Cities in Oblivion and Skyrim - Statistics

General Stats
  • This quiz has been taken 728 times
  • The average score is 14 of 18
Answer Stats
Hint Answer % Correct
Whiterun
92%
Solitude
90%
Riften
88%
Winterhold
88%
Imperial City
87%
Falkreath
85%
Markarth
85%
Windhelm
85%
Dawnstar
82%
Bruma
80%
Morthal
80%
Anvil
77%
Kvatch
76%
Cheydinhal
65%
Bravil
64%
Skingrad
60%
Chorrol
59%
Leyawiin
56%
No matching quizzes found
Score Distribution
Percent of People with Each Score
Percentile by Number Answered
Your Score History
You have not taken this quiz